[Event "Meltwater Tour Final 2021"]
[Site "chess24.com INT"]
[Date "2021.10.04"]
[Round "9.1"]
[White "Carlsen, Magnus"]
[Black "So, Wesley"]
[Result "1-0"]
[WhiteTitle "GM"]
[BlackTitle "GM"]
[WhiteElo "2855"]
[BlackElo "2778"]
[WhiteFideId "1503014"]
[BlackFideId "5202213"]
[EventDate "2021.09.25"]

1. b3 d5 2. Bb2 Nf6 3. Nf3 h6 4. g3 Bf5 5. d3 c5 6. Bg2 Nc6 7. Ne5 Nxe5 8. Bxe5
e6 9. Nd2 Be7 10. e4 Bg6 11. O-O O-O 12. Qe2 Bh5 13. f3 Nd7 14. Bb2 dxe4 15.
dxe4 f5 16. exf5 exf5 17. Rad1 Bf6 18. Bxf6 Qxf6 19. Nc4 Rae8 20. Qf2 Re7 21.
Rd6 Qc3 22. Rd3 Qf6 23. Rfd1 Ne5 24. Rd6 Qf7 25. Nxe5 Rxe5 26. f4 Re2 27. Qxc5
b6 28. Qc3 Rxg2+ 29. Kxg2 Bxd1 30. Rxd1 Re8 31. Re1 Qd5+ 32. Kg1 Rd8 33. a4 a5
34. Kf2 Kh7 35. Qe5 Qf7 36. Re2 Qh5 37. Kg2 Rd5 38. Qe3 b5 39. axb5 Rxb5 40. Qf3
Qf7 41. Re5 Rxe5 42. fxe5 Qe6 43. Qe2 Qc6+ 44. Kf2 Kg6 45. h4 Kf7 46. h5 Ke6 47.
c4 a4 48. bxa4 Qxa4 49. Qd3 Kxe5 50. Qd5+ Kf6 51. Qd6+ Kf7 52. Qg6+ Kg8 53. Qe6+
Kf8 54. Qxf5+ Ke7 55. Qe5+ Kf7 56. Qd5+ Kf6 57. Kf3 Qb3+ 58. Kg4 Qa2 59. Qf5+
Ke7 60. Qe4+ Kf6 61. Qg6+ 1-0

[Event "Meltwater Tour Final 2021"]
[Site "chess24.com INT"]
[Date "2021.10.04"]
[Round "9.1"]
[White "Vachier-Lagrave, Maxime"]
[Black "Radjabov, Teimour"]
[Result "1/2-1/2"]
[WhiteTitle "GM"]
[BlackTitle "GM"]
[WhiteElo "2763"]
[BlackElo "2763"]
[WhiteFideId "623539"]
[BlackFideId "13400924"]
[EventDate "2021.09.25"]

1. e4 e5 2. Nf3 Nc6 3. Bb5 Nf6 4. O-O Nxe4 5. d4 Nd6 6. Bxc6 dxc6 7. dxe5 Nf5 8.
Qxd8+ Kxd8 9. h3 Bd7 10. Rd1 Kc8 11. g4 Ne7 12. Ng5 Be8 13. f4 h6 14. Nf3 f5 15.
exf6 gxf6 16. Nc3 f5 17. Kf2 Rg8 18. g5 Bh5 19. Re1 b6 20. gxh6 Bxf3 21. Kxf3
Rg6 22. Be3 Rxh6 23. Rh1 Kb7 24. Rag1 Ng6 25. Bf2 Bd6 26. h4 Rah8 27. Rg5 Nxh4+
28. Rxh4 Rxh4 29. Bxh4 Rxh4 30. Rxf5 Rh3+ 31. Ke2 Rh2+ 32. Kd3 Rh3+ 33. Ke2 Rh2+
34. Kd3 Rh3+ 35. Ke2 1/2-1/2

[Event "Meltwater Tour Final 2021"]
[Site "chess24.com INT"]
[Date "2021.10.04"]
[Round "9.2"]
[White "Radjabov, Teimour"]
[Black "Vachier-Lagrave, Maxime"]
[Result "1-0"]
[WhiteTitle "GM"]
[BlackTitle "GM"]
[WhiteElo "2763"]
[BlackElo "2763"]
[WhiteFideId "13400924"]
[BlackFideId "623539"]
[EventDate "2021.09.25"]

1. Nf3 Nf6 2. c4 e6 3. d4 d5 4. Nc3 Bb4 5. cxd5 exd5 6. Bf4 Ne4 7. Rc1 c6 8. e3
Nd7 9. Bd3 Ndf6 10. O-O Bg4 11. Qc2 Bxf3 12. gxf3 Nxc3 13. bxc3 Bd6 14. Bg3 Nh5
15. c4 dxc4 16. Qxc4 Nxg3 17. hxg3 O-O 18. Kg2 g6 19. Rh1 Kg7 20. d5 c5 21. Qc3+
f6 22. f4 Qe7 23. a4 Rac8 24. Qc4 f5 25. Rb1 Rc7 26. e4 fxe4 27. Rhe1 Qf6 28.
Rxe4 Re7 29. Re6 Rxe6 30. dxe6 b6 31. a5 Re8 32. axb6 axb6 33. Rxb6 Qxe6 34.
Qc3+ Kh6 35. Bc4 Qe7 36. f5 Be5 37. Qe3+ Kg7 38. Bb5 Rc8 39. Ba6 1-0

[Event "Meltwater Tour Final 2021"]
[Site "chess24.com INT"]
[Date "2021.10.04"]
[Round "9.2"]
[White "Giri, Anish"]
[Black "Artemiev, Vladislav"]
[Result "1/2-1/2"]
[WhiteTitle "GM"]
[BlackTitle "GM"]
[WhiteElo "2777"]
[BlackElo "2699"]
[WhiteFideId "24116068"]
[BlackFideId "24101605"]
[EventDate "2021.09.25"]

1. d4 d5 2. c4 dxc4 3. e4 Nc6 4. Nf3 Bg4 5. d5 Ne5 6. Bf4 Ng6 7. Be3 Nf6 8. Nc3
e5 9. Bxc4 a6 10. Be2 Bd6 11. Nd2 Bxe2 12. Qxe2 O-O 13. O-O Qd7 14. h3 h6 15.
Rfd1 Rfc8 16. Rac1 b5 17. Qd3 c6 18. dxc6 Rxc6 19. Nd5 Nxd5 20. Qxd5 Ne7 21. Qd3
Rxc1 22. Rxc1 Rc8 23. Rxc8+ Nxc8 24. Nb1 Qc6 25. Nc3 Ne7 26. b3 Bc5 27. Nd5 Nxd5
28. exd5 Qd6 29. Bxc5 Qxc5 30. d6 Qc1+ 31. Kh2 Qf4+ 32. Kg1 Qc1+ 33. Kh2 Qf4+
34. Kg1 Qc1+ 1/2-1/2

[Event "Meltwater Tour Final 2021"]
[Site "chess24.com INT"]
[Date "2021.10.04"]
[Round "9.2"]
[White "Aronian, Levon"]
[Black "Mamedyarov, Shakhriyar"]
[Result "1-0"]
[WhiteTitle "GM"]
[BlackTitle "GM"]
[WhiteElo "2782"]
[BlackElo "2762"]
[WhiteFideId "13300474"]
[BlackFideId "13401319"]
[EventDate "2021.09.25"]

1. d4 d5 2. c4 e6 3. Nf3 a6 4. e3 Nf6 5. Nc3 b6 6. cxd5 exd5 7. Bd3 Bd6 8. e4
dxe4 9. Nxe4 Bb7 10. Nxd6+ Qxd6 11. Qe2+ Qe6 12. Qxe6+ fxe6 13. Bf4 Bxf3 14.
gxf3 Nd5 15. Be5 O-O 16. Rg1 g6 17. Rc1 Nd7 18. Bg3 Rxf3 19. Be4 Rf7 20. Bxd5
exd5 21. Rxc7 Re8+ 22. Kd2 Re4 23. Re1 Rxd4+ 24. Kc3 Re4 25. Rxe4 dxe4 26. Kd4
Nc5 27. Kd5 Rf5+ 28. Kc6 Rf6+ 29. Kd5 Nd3 30. Kxe4 Nxf2+ 31. Kd4 Ng4 32. a4 h5
33. Rb7 g5 34. b4 h4 35. Be5 Re6 36. Rg7+ Kf8 37. Rxg5 Nxe5 38. Rxe5 Rg6 39. Kd5
h3 40. Re3 Rg4 41. Rb3 b5 42. a5 Rc4 43. Rxh3 Rxb4 44. Rh6 Ke7 45. Kc5 Rf4 46.
Rxa6 Kd7 47. Rd6+ Kc7 48. Rc6+ Kb7 49. Kxb5 Rh4 50. Rc2 Rh5+ 51. Kb4 Ka6 52. Ra2
Rh4+ 53. Kc5 Rh5+ 54. Kd4 Rh8 55. Ke4 Re8+ 56. Kf3 Rf8+ 57. Kg2 Rg8+ 58. Kh1 Rh8
59. Ra3 Rh7 60. h3 Rh6 61. Kg2 Rh8 62. Kh2 Rh7 63. Kg3 Rg7+ 64. Kf4 Rh7 65. Kg5
Rg7+ 66. Kh6 Rc7 67. h4 Rc6+ 68. Kg5 Rc5+ 69. Kg4 Rc4+ 70. Kh3 Rc5 71. Ra4 Kb5
72. Ra3 Ka6 73. Kg3 Rd5 74. Ra4 Kb5 75. Ra2 Ka6 76. Rh2 Rxa5 77. h5 Kb6 78. h6 1-0

[Event "Meltwater Tour Final 2021"]
[Site "chess24.com INT"]
[Date "2021.10.04"]
[Round "9.2"]
[White "So, Wesley"]
[Black "Carlsen, Magnus"]
[Result "1/2-1/2"]
[WhiteTitle "GM"]
[BlackTitle "GM"]
[WhiteElo "2778"]
[BlackElo "2855"]
[WhiteFideId "5202213"]
[BlackFideId "1503014"]
[EventDate "2021.09.25"]

1. e4 Nc6 2. d4 e5 3. dxe5 Nxe5 4. Nf3 Qf6 5. Nc3 Bb4 6. Bd2 Ne7 7. a3 Ba5 8.
Nxe5 Qxe5 9. Qe2 d6 10. O-O-O Bd7 11. g3 O-O-O 12. Bg2 Rhe8 13. Rhe1 f6 14. Kb1
Kb8 15. f4 Qe6 16. Qd3 h6 17. Ne2 Bxd2 18. Qxd2 Qc4 19. Nc3 Bc6 20. Bf1 Qg8 21.
Qd4 Nc8 22. a4 Re7 23. Re3 Rde8 24. Rde1 Qf7 25. Bc4 Qh5 26. Bd5 Nb6 27. a5 Nxd5
28. exd5 Rxe3 29. Rxe3 Bd7 30. h4 Rxe3 31. Qxe3 Qe8 32. Qxe8+ Bxe8 33. Kc1 c6
34. Ne2 cxd5 35. Kd2 Kc7 36. Kc3 Bd7 37. Kb4 g6 38. Nd4 a6 39. Kc3 b6 40. Kb4
Kb7 41. c3 Kc7 42. Nc2 Kb7 43. Ne3 Be6 44. g4 f5 45. gxf5 gxf5 46. Nc2 Bd7 47.
Nd4 Kc7 48. Nb3 Kc6 49. Nd4+ Kc7 50. Nc2 Kc6 51. Ne3 Be6 52. Ka4 Bd7 53. axb6
Kxb6+ 54. Ka3 Be6 55. Nc2 Kc5 56. Nd4 Bd7 57. b3 a5 58. Kb2 Bc8 59. Kc2 Bd7 60.
Kd2 Bc8 61. Kd3 Ba6+ 62. Ke3 Bc8 63. Nc2 Bd7 64. Kd3 Bb5+ 65. Kd2 Bd7 66. Nd4
Bc8 67. Kc2 Bd7 68. Kb2 Bc8 69. Ka2 Bd7 70. Ka3 Bc8 71. Ka4 Kb6 72. b4 Bd7+ 73.
Ka3 Bc8 74. Kb3 Bd7 75. Kc2 a4 76. Kb2 Ka6 77. Ka2 Kb7 78. Kb2 Ka6 79. Kc2 Kb7
80. Kd2 Kb6 81. Kd3 Bb5+ 82. Kd2 Bd7 83. Kc2 Kb7 84. Kb2 Ka6 1/2-1/2

[Event "Meltwater Tour Final 2021"]
[Site "chess24.com INT"]
[Date "2021.10.04"]
[Round "9.3"]
[White "Vachier-Lagrave, Maxime"]
[Black "Radjabov, Teimour"]
[Result "0-1"]
[WhiteTitle "GM"]
[BlackTitle "GM"]
[WhiteElo "2763"]
[BlackElo "2763"]
[WhiteFideId "623539"]
[BlackFideId "13400924"]
[EventDate "2021.09.25"]

1. e4 e5 2. Nf3 Nc6 3. Bb5 Nf6 4. O-O Nxe4 5. d4 Nd6 6. Bxc6 dxc6 7. dxe5 Nf5 8.
Qxd8+ Kxd8 9. h3 Bd7 10. Rd1 Kc8 11. g4 Ne7 12. Ng5 Be8 13. f4 h6 14. Ne4 c5 15.
Kf2 Nc6 16. Be3 b6 17. c4 h5 18. Kg3 Nd4 19. Bxd4 cxd4 20. Nbd2 c5 21. f5 Bc6
22. Rf1 f6 23. Rae1 fxe5 24. f6 hxg4 25. hxg4 gxf6 26. Rxf6 Bxe4 27. Nxe4 Be7
28. Rf7 Bh4+ 29. Kf3 Bxe1 30. Nd6+ Kd8 31. Nb7+ Ke8 32. Nd6+ Kd8 33. g5 e4+ 34.
Kxe4 Bg3 35. Nf5 Re8+ 36. Kd3 Be5 37. g6 Rc8 38. Rxa7 Bc7 39. b4 Kd7 40. bxc5
bxc5 0-1

[Event "Meltwater Tour Final 2021"]
[Site "chess24.com INT"]
[Date "2021.10.04"]
[Round "9.3"]
[White "Mamedyarov, Shakhriyar"]
[Black "Aronian, Levon"]
[Result "1/2-1/2"]
[WhiteTitle "GM"]
[BlackTitle "GM"]
[WhiteElo "2762"]
[BlackElo "2782"]
[WhiteFideId "13401319"]
[BlackFideId "13300474"]
[EventDate "2021.09.25"]

1. d4 Nf6 2. c4 e6 3. Nf3 d5 4. Nc3 Bb4 5. Bg5 dxc4 6. e4 b5 7. a4 c5 8. Be2
cxd4 9. Nxd4 h6 10. Bxf6 Qxf6 11. O-O O-O 12. e5 Qe7 13. Bf3 Bb7 14. Ndxb5 Nc6
15. Qe2 a6 16. Bxc6 Bxc6 17. Qxc4 axb5 18. Qxc6 Bxc3 19. bxc3 bxa4 20. Rxa4 Rac8
21. Qf3 Qc5 22. Re4 Qxc3 23. Qxc3 Rxc3 24. g3 Rfc8 25. Kg2 Rc1 26. Rxc1 Rxc1 27.
Re3 g5 28. Re4 Kg7 29. h4 Kg6 30. hxg5 hxg5 31. g4 Rc5 32. Kg3 Rd5 33. Kg2 Rc5
34. Kg3 Rd5 35. Kg2 Rc5 1/2-1/2

[Event "Meltwater Tour Final 2021"]
[Site "chess24.com INT"]
[Date "2021.10.04"]
[Round "9.3"]
[White "Artemiev, Vladislav"]
[Black "Giri, Anish"]
[Result "1/2-1/2"]
[WhiteTitle "GM"]
[BlackTitle "GM"]
[WhiteElo "2699"]
[BlackElo "2777"]
[WhiteFideId "24101605"]
[BlackFideId "24116068"]
[EventDate "2021.09.25"]

1. Nf3 d5 2. g3 c5 3. Bg2 Nc6 4. d4 Nf6 5. O-O e6 6. c4 dxc4 7. Qa4 Bd7 8. Qxc4
b5 9. Qc3 b4 10. Qd3 Rc8 11. dxc5 Bxc5 12. Nbd2 e5 13. Ne4 Nxe4 14. Qxe4 O-O 15.
Be3 Nd4 16. Bxd4 exd4 17. Nxd4 Re8 18. Qd5 Ba4 19. e3 Qxd5 20. Bxd5 Bxd4 21.
exd4 Rcd8 22. Bb3 Bxb3 23. axb3 Rxd4 24. Rxa7 Rd3 25. Rc1 Rxb3 26. Rcc7 Rf8 27.
Rc2 g6 28. Re7 Rd8 29. Kf1 Rd1+ 30. Kg2 Rd6 31. Re4 Kg7 32. Rf4 h5 33. h4 Rf6
34. Rd4 Rf5 35. Rcd2 Rc5 36. Rd7 Rc6 37. R7d4 Rc5 38. Rd7 Rc6 39. R7d4 Rc5 1/2-1/2

[Event "Meltwater Tour Final 2021"]
[Site "chess24.com INT"]
[Date "2021.10.04"]
[Round "9.3"]
[White "Carlsen, Magnus"]
[Black "So, Wesley"]
[Result "1-0"]
[WhiteTitle "GM"]
[BlackTitle "GM"]
[WhiteElo "2855"]
[BlackElo "2778"]
[WhiteFideId "1503014"]
[BlackFideId "5202213"]
[EventDate "2021.09.25"]

1. b3 b6 2. e4 Bb7 3. Nc3 e6 4. Bb2 Nf6 5. e5 Nd5 6. Nxd5 Bxd5 7. Qg4 h5 8. Qf4
g5 9. Qe3 a5 10. a3 Bb7 11. Nf3 g4 12. Nd4 Nc6 13. Nb5 Bh6 14. Qc3 Bg7 15. d4 d6
16. exd6 cxd6 17. h3 f5 18. hxg4 hxg4 19. Rxh8+ Bxh8 20. Qg3 e5 21. Qh2 Kd7 22.
Qh7+ Ne7 23. dxe5 Qg8 24. Qh6 Qg6 25. Qd2 1-0

[Event "Meltwater Tour Final 2021"]
[Site "chess24.com INT"]
[Date "2021.10.04"]
[Round "9.4"]
[White "Giri, Anish"]
[Black "Artemiev, Vladislav"]
[Result "0-1"]
[WhiteTitle "GM"]
[BlackTitle "GM"]
[WhiteElo "2777"]
[BlackElo "2699"]
[WhiteFideId "24116068"]
[BlackFideId "24101605"]
[EventDate "2021.09.25"]

1. d4 d5 2. c4 e6 3. Nf3 Nf6 4. g3 Bd6 5. Bg2 O-O 6. O-O Nc6 7. b3 dxc4 8. bxc4
e5 9. c5 Be7 10. dxe5 Qxd1 11. Rxd1 Ne4 12. Ba3 Bxc5 13. Bxc5 Nxc5 14. Nc3 Be6
15. Nb5 Bc4 16. Nxc7 Rac8 17. Rdc1 Na5 18. Nd2 Rxc7 19. Nxc4 Nab3 20. axb3 Nxb3
21. Rcb1 Nxa1 22. Ne3 Rfc8 23. Rxa1 Rc1+ 24. Rxc1 Rxc1+ 25. Nf1 b5 26. Bd5 a5
27. f4 a4 28. Kf2 Rc5 29. e4 a3 30. e6 Kf8 31. Ne3 b4 32. Bb3 Rc3 33. e7+ Ke8
34. Ba4+ Kxe7 35. Nd5+ Kf8 0-1